Topología / (Record no. 116343)

MARC details
000 -LEADER
campo de control de longitud fija 00727nam a2200217 4500
001 - NÚMERO DE CONTROL
campo de control 116343
003 - IDENTIFICADOR DE NÚMERO DE CONTROL
campo de control ES-MaACL
005 - FECHA Y HORA DE LA ÚLTIMA TRANSACCIÓN
campo de control 20230906190704.0
007 - CAMPO FIJO DE DESCRIPCIÓN FÍSICA--INFORMACIÓN GENERAL
campo de control de longitud fija t|
008 - DATOS DE LONGITUD FIJA--INFORMACIÓN GENERAL
campo de control de longitud fija 061121s1961 sp r ||||1| spa d
100 1# - ENTRADA PRINCIPAL--NOMBRE DE PERSONA
Nombre de persona Patterson, E. M.
9 (RLIN) 89607
245 10 - MENCIÓN DEL TÍTULO
Título Topología /
Mención de responsabilidad, etc. de E. M. Patterson ; traducción dirigida por Lino Alvarez Valdés y redactada por Fernando Vicente.
260 ## - PUBLICACIÓN, DISTRIBUCIÓN, ETC.
Lugar de publicación, distribución, etc. Madrid [etc.] :
Nombre del editor, distribuidor, etc. Dossat,
Fecha de publicación, distribución, etc. 1961.
300 ## - DESCRIPCIÓN FÍSICA
Extensión XII, 138 p. :
Otras características físicas il. ;
Dimensiones 22 cm.
490 1# - MENCIÓN DE SERIE
Mención de serie University mathematical texts
700 0# - ENTRADA AGREGADA--NOMBRE PERSONAL
Nombre de persona Alvarez Valdés, Lino.
9 (RLIN) 20986
700 1# - ENTRADA AGREGADA--NOMBRE PERSONAL
Nombre de persona Vicente, Fernando.
9 (RLIN) 114335
830 0# - PUNTO DE ACCESO ADICIONAL DE SERIE-TÍTULO UNIFORME
Título uniforme University mathematical texts
9 (RLIN) 180736
852 ## - LOCALIZACIÓN
Ubicación ES-MaACL
Número de control de estantería C-20966
Sublocalización o colección R.48644
Holdings
Estatus retirado Estado de pérdida Estado de daño No para préstamo Biblioteca de origen Biblioteca actual Ubicación en estantería Fecha de adquisición Fuente de adquisición Total de préstamos Signatura topográfica completa Código de barras Visto por última vez Precio de reemplazo Tipo de ítem Koha
        Biblioteca del Ateneo de Madrid Biblioteca del Ateneo de Madrid Galería 17/01/2008     C-20966 1121320 23/02/2023 23/02/2023 Libro impreso